Catalog

Record Details

Catalog Search



Die Juden und Judengemeinden Böhmens in Vergangenheit und Gegenwart. I  Cover Image Book Book

Die Juden und Judengemeinden Böhmens in Vergangenheit und Gegenwart. I / ein Sammelwerk herausgegeben von Hugo Gold

Record details

  • Physical Description: [14], 735 s. : obr. il. ; 4°
  • Publisher: Brünn ; Jüdischer Buch- und Kunstverlag, 1934

Content descriptions

General Note:
Poznámky
Language Note:
Text česky i německy
Subject: židovské obce
židovství
Jewish communities
Jewry
Morava (Česko)
Moravia (Czechia)
Genre: historické prameny

Available copies

  • 2 of 2 copies available at Common Catalog SPOK.

Holds

  • 0 current holds with 2 total copies.
Show Only Available Copies
Location Call Number / Copy Notes Barcode Shelving Location Status Due Date
The Jewish community of Prague J 124 / 1 4638303800 Velké formáty Available -
The Jewish community of Prague J 124 / 1 b 4638303801 Velké formáty Available -

LDR 01451nam a22003851 4500
00155523
003CZ-PrJAB
00520190211132758.0
008011230s1934 xr e 000 0 ger
015 . ‡acnb001074560
020 . ‡q(Brož.) : ‡cKč 150,00
035 . ‡a(CZ PrNK)bknjas05174
035 . ‡a(OCoLC)85624173
040 . ‡aABA001 ‡bcze ‡cABA001 ‡dABA001
0410 . ‡ager ‡acze
072 7. ‡a316.3 ‡xGlobální společnosti. Sociální struktura. Sociální skupiny ‡2Konspekt ‡918
080 . ‡a26-774/-775 ‡2MRF
080 . ‡a316.344.8(=411.16) ‡2MRF
080 . ‡a(437.32) ‡2MRF
080 . ‡a316.3 ‡2MRF
1001 . ‡aGold, Hugo, ‡d1895-1974 ‡7mzk2005269901 ‡4edt
24514. ‡aDie Juden und Judengemeinden Böhmens in Vergangenheit und Gegenwart. ‡nI / ‡cein Sammelwerk herausgegeben von Hugo Gold
260 . ‡aBrünn ; ‡aPrag : ‡bJüdischer Buch- und Kunstverlag, ‡c1934 ‡e(Brünn : ‡fPolygrafia)
300 . ‡a[14], 735 s. : ‡bobr. il. ; ‡c
500 . ‡aPoznámky
546 . ‡aText česky i německy
65007. ‡ažidovské obce ‡7ph128003 ‡2czenas
65007. ‡ažidovství ‡7ph128010 ‡2czenas
65009. ‡aJewish communities ‡2eczenas
65009. ‡aJewry ‡2eczenas
651 7. ‡aMorava (Česko) ‡7ge130070 ‡2czenas
651 9. ‡aMoravia (Czechia) ‡2eczenas
655 7. ‡ahistorické prameny ‡7fd202201 ‡2czenas
910 . ‡aABE461
995 . ‡aska
901 . ‡a55523 ‡bAUTOGEN ‡c55523 ‡tbiblio

Additional Resources